[Event "GER-ch Schools U18 Girls"]
[Site "Germany"]
[Date "2009.05.16"]
[Round "3.2"]
[White "Schuett, Sinja"]
[Black "Danicka, Karolina"]
[Result "0-1"]
[WhiteElo "800"]
[BlackElo "800"]
[PlyCount "68"]
[EventDate "2009.05.16"]
[EventType "team-swiss"]
[EventRounds "7"]
[EventCountry "GER"]
[SourceTitle "EXT 2011"]
[Source "ChessBase"]
[SourceDate "2010.11.26"]
[SourceVersion "1"]
[SourceVersionDate "2010.11.26"]
[SourceQuality "1"]
[WhiteTeam "Luebeck Trave (W)"]
[BlackTeam "St Marien (W)"]
[WhiteTeamCountry "GER"]
[BlackTeamCountry "GER"]

1. e4 e5 2. Nf3 Nc6 3. d4 exd4 4. Bg5 f6 5. Bh4 Bd6 6. Bb5 Ne5 7. 0-0 Ne7 8. Nxd4 c5 9. Nf5 Nxf5 10. g3 Nxh4 11. gxh4 0-0 12. Qxd6 a6 13. Ba4 b5 14. Bb3+ c4 15. f4 Nf7 16. Qd5 Rb8 17. e5 cxb3 18. axb3 Bb7 19. Qd3 fxe5 20. fxe5 Nxe5 21. Qd4 Nf3+ 22. Rxf3 Rxf3 23. Nd2 Rf7 24. Ne4 Bxe4 25. Qxe4 d5 26. Qe1 Re7 27. Qf2 Qf8 28. Qg2 Qf7 29. Rxa6 Re6 30. Ra1 Re4 31. c4 Rxh4 32. Qg3 Qg6 33. Kh1 Qxg3 34. Rg1 Qxh2# 0-1

[Event "GER-ch Schools U18 Girls"]
[Site "Germany"]
[Date "2009.05.16"]
[Round "1.2"]
[White "Schuett, Sinja"]
[Black "Siewert, Jessica"]
[Result "0-1"]
[WhiteElo "800"]
[BlackElo "905"]
[PlyCount "48"]
[EventDate "2009.05.16"]
[EventType "team-swiss"]
[EventRounds "7"]
[EventCountry "GER"]
[SourceTitle "EXT 2011"]
[Source "ChessBase"]
[SourceDate "2010.11.26"]
[SourceVersion "1"]
[SourceVersionDate "2010.11.26"]
[SourceQuality "1"]
[WhiteTeam "Luebeck Trave (W)"]
[BlackTeam "Jever (W)"]
[WhiteTeamCountry "GER"]
[BlackTeamCountry "GER"]

1. e4 e5 2. Nf3 Nc6 3. Bb5 Bd6 4. 0-0 Nf6 5. d3 0-0 6. Bg5 Nd4 7. c3 Nxb5 8. Na3 a6 9. c4 Nd4 10. Qc1 Ne2+ 11. Kh1 Nxc1 12. Rfxc1 Qe7 13. d4 exd4 14. Nxd4 Qe5 15. g3 Qxe4+ 16. f3 Qxd4 17. Rab1 b6 18. b3 Bb7 19. Kg2 Bxa3 20. h4 Bxc1 21. Rxc1 Rfe8 22. Kh3 Bxf3 23. Kh2 Qf2+ 24. Kh3 Qg2# 0-1